All Series 1 Skylanders - Statistics

General Stats
  • This quiz has been taken 36 times
  • The average score is 22 of 32
Answer Stats
Hint Answer % Correct
Magic Spyro
100%
Life Stealth Elf
90%
Water Gill Grunt
87%
Tech Trigger Happy
84%
Fire Eruptor
81%
Magic Wrecking Ball
77%
Undead Hex
74%
Undead Chop Chop
71%
Air Sonic Boom
71%
Fire Sunburn
71%
Earth Terrafin
71%
Water Wham Shell
71%
Water Zap
71%
Tech Boomer
68%
Tech Drobot
68%
Fire Ignitor
68%
Earth Bash
65%
Life Camo
65%
Undead Cynder
65%
Tech Drill Sergeant
65%
Undead Ghost Roaster
65%
Air Lightning Rod
65%
Water Slam Bam
65%
Life Stump Smash
65%
Magic Voodood
65%
Magic Double Trouble
61%
Earth Prism Break
61%
Air Whirlwind
61%
Life Zook
61%
Fire Flameslinger
58%
Air Warnado
55%
Earth Dinorang
48%
No matching quizzes found
Score Distribution
Percent of People with Each Score
Percentile by Number Answered
Your Score History
You have not taken this quiz